Higher school revision mathematics

Αποθηκεύτηκε σε:
Λεπτομέρειες βιβλιογραφικής εγγραφής
Κύριος συγγραφέας: Crosland, Leonard
Μορφή: Βιβλίο
Γλώσσα:English
Δημοσίευση: London : Macmillan and Co., 1950, c1937
Θέματα:
Ετικέτες: Προσθήκη ετικέτας
Δεν υπάρχουν, Καταχωρήστε ετικέτα πρώτοι!

MARC

LEADER 00000nam a2200000 i 4500
001 1/3109
008 100114r19501937 eng d
035 |l 10106260 
040 |a GR-MY-UA  |b gre  |e aacr 
041 0 |a eng 
082 0 |a 510.7  |2 (22) 
100 1 |a Crosland, Leonard. 
245 1 0 |a Higher school revision mathematics /  |c L. Crosland 
260 |a London :   |b Macmillan and Co.,   |c 1950, c1937 
300 |a viii, 164 σ., xviii;  |b σχ.;  |c 19 εκ. 
650 0 0 |a Mathematics  |x Study and teaching. 
852 |a INST  |b SAMOS  |c MAG  |e 20100114  |h 510.7 CRO  |p 005300028551  |q 005300028551  |t BK  |y 0 
852 |a INST  |b SAMOS  |c MAG  |e 20150901  |h 510.7 CRO  |p 005300035261  |q 005300035261  |t BK  |y 0 
901 |a BIBL3-2010-1 
909 |a Σ  |b 158101 
920 |a ΜΑΓΕΙΡΑΣ  |b ΠΑΝΑΓΙΩΤΗΣ  |y ΣΑΜΟΣ  |z 2008-10 
970 |a ΣΙΤΖΙΜΗ  |b ΓΙΑΣΕΜΗ  |z 2010/01/14